| 000 | 01170 a2200169 4500 | ||
|---|---|---|---|
| 003 | Nust | ||
| 005 | 20221220134333.0 | ||
| 040 | _cNust | ||
| 082 | _a621.38411,WAV | ||
| 100 |
_aBritton Chance _9105383 |
||
| 245 | _aWaveforms / | ||
| 260 |
_aNew York _bMcGraw Hill _c1949 |
||
| 300 | _axxii, 785 p. | ||
| 505 | _aIntroduction (Page-1), Operations on waveforms with linear circuits elements (Page-17), Operations with nonlinear circuit elements (Page-40), Sinusoidal waveform generators (Page-101), Generation of fast waveforms (Page-159), Blocking oscillators and delay-line pulse generators (Page 205), Generation of triangular waveforms (Page-254), Generation of special waveforms (Page-289), Amplitude ,selection,comparison and discrimination (Page-325), Time selection (Page-364), Electrical amplitude modulation (Page 389), Electromechanical modulators (Page-427), Time modulation (Page-466), Amplitude and time modulation (Page-501), Sinusoidal frequency multiplyers and dividers (Page-545), Counting (Page-602), Storage tubes (Page-707), Electrical delay lines (Page-730), supersonic delay lines (Page-751). | ||
| 650 |
_aWaveforms _9105384 |
||
| 942 |
_2ddc _cBK |
||
| 999 |
_c197103 _d197103 |
||